| 000 | 00666nam a2200181 i 4500 | ||
|---|---|---|---|
| 001 | 100229 | ||
| 003 | ES-MaACL | ||
| 005 | 20230906182631.0 | ||
| 007 | t| | ||
| 008 | 050923s1972 sp ||||1| spa d | ||
| 100 | 1 |
_aMartínez Ruiz, Juan. _978388 |
|
| 245 | 1 | 0 |
_aInventarios de bienes moriscos del reino de Granada (Siglo XVI) _b: lingüística y civilización / _cJuan Martínez Ruiz. |
| 260 |
_aMadrid : _bInstituto Miguel de Cervantes, _c1972. |
||
| 300 |
_a4 h., 348 p., lám. I-X, map. 1-11, uno pleg. ; _c25 cm. |
||
| 650 | 4 |
_aMoriscos- _zGranada (Reino) _9156634 |
|
| 710 | 2 |
_aInstituto "Miguel de Cervantes" _95133 |
|
| 852 |
_aES-MaACL _jC-43454 _bR.82453 |
||
| 999 |
_c100229 _d100229 |
||